Insight guide : Sydney.
| Format: | Book |
|---|---|
| Published: |
Singapore:
APA Publication,
1999.
|
| Edition: | 4th ed. |
| Subjects: |
| LEADER | 00452cam a2200157 7i4500 | ||
|---|---|---|---|
| 001 | 0000007927 | ||
| 005 | 20000725090000.0 | ||
| 020 | 0 | 0 | |a 9812340920 |
| 090 | 0 | 0 | |a ASTL 910.994 |b INS |
| 245 | 0 | 0 | |a Insight guide : |b Sydney. |
| 250 | 0 | 0 | |a 4th ed. |
| 260 | 0 | 0 | |a Singapore: |b APA Publication, |c 1999. |
| 300 | # | # | |a 294 p. |
| 650 | 0 | 0 | |a Voyages and travels -- |x Guidebooks -- |z Australia |
| 651 | 0 | 0 | |a Australia |
| 999 | |a B000010927 |b Book |c Countries |e Business Information Centre | ||


